Spoločensky zodpovedné správanie pri spotrebe bakalárska práca

Gespeichert in:
Bibliographische Detailangaben
1. Verfasser: Švecová, Martina
Körperschaft: Obchodná fakulta EU. Katedra marketingu
Weitere Verfasser: Čvirik, Marián, 1992-
Format: Buch
Sprache:Slowakisch
Veröffentlicht: Bratislava 2022
Tags: Tag hinzufügen
Keine Tags, Fügen Sie das erste Tag hinzu!

MARC

LEADER 00000nbm a2200000 4500
001 0285786
005 20221128133049.9
041 0 |a slo 
044 |a SK 
245 1 0 |a Spoločensky zodpovedné správanie pri spotrebe  |b bakalárska práca  |c Martina Švecová ; školiteľ: Marián Čvirik 
264 1 |a Bratislava  |c 2022 
300 |a 54 s. 
100 1 |a Švecová, Martina 
700 1 |a Čvirik, Marián, 1992- 
710 2 |a Obchodná fakulta EU. Katedra marketingu